000 00918nam a22002537a 4500
003 OSt
005 20250211072438.0
008 250120t2012 |||||||| w||| 00| | eng d
020 _a978-971-011-439-9
040 _cJMCFI - Learning Resource Center
050 _aKPM 18 .A2 .S87 2012 Vol.660
082 _aFil./JDLL 349.914 Su959 2012 V660
245 _aSupreme Court reports annotated /
_ccompiled, annotated and edited by the Editorial Staff of the Central Book Supply, Inc.
260 _aManila :
_bCentral Book Supply, Inc.,
_c2012.
300 _avolume 660, xiii, 734 pages ;
_c23 cm
650 _aLaw reports, digests, etc.
_99041
650 _aPhilippines. Supreme Court reports.
_98708
650 _aSCRA.
_98835
650 _aJurisprudence.
_97993
650 _aLawyers
_xLegal status, laws, etc.
_910938
650 _aDisbarment.
_97317
710 _aCentral Book Supply, Inc.
_99361
942 _2lcc
_cBK
_n0
999 _c4253
_d4253